Koncepčný návrh triediacej lopaty ako prídavného zariadenia Valet 150

Uložené v:
Podrobná bibliografia
Hlavný autor: Hajzuk, Gergely (Autor)
Ďalší autori: Slovák, Pavol (Vedúci práce)
Médium: Rukopis Kniha
Jazyk:Slovak
Vydavateľské údaje: 2025
Predmet:
On-line prístup:http://is.stuba.sk/zp/portal_zp.pl?podrobnosti=186126
Tagy: Pridať tag
Žiadne tagy, Buďte prvý, kto otaguje tento záznam!

MARC

LEADER 00000ntm a22000003a 4500
001 stuzp105398
003 SK-STU
005 20250621210535.8
007 ta
008 150427s2015----xo-----f-mn---000-0-slo-d
040 |a STU  |b slo 
041 0 |a slo 
100 1 |a Hajzuk, Gergely  |u 020030  |4 aut  |U SjF Strojnícka fakulta  |T SjF Ústav automobilového inžinierstva a konštruovania  |X 103962  |U J0030  |Y 806  |7 103962 
242 0 1 |a Conceptual design of a sorting bucket as an attachment for the Valet 150  |y eng 
245 1 0 |a Koncepčný návrh triediacej lopaty ako prídavného zariadenia Valet 150 
260 |c 2025 
650 4 |a nakladač  |2 slo 
650 4 |a triediaca lopata  |2 slo 
650 4 |a hriadeľová triediaca lopata  |2 slo 
650 4 |a loader  |2 eng 
650 4 |a sorting bucket  |2 eng 
650 4 |a shaft-driven sorting bucket  |2 eng 
700 1 |a Slovák, Pavol  |u 020030  |k Z1  |4 ths  |U SjF Strojnícka fakulta  |T SjF Ústav automobilového inžinierstva a konštruovania  |X 2338  |U J0030  |Y 806  |7 A000002338 
856 4 |u http://is.stuba.sk/zp/portal_zp.pl?podrobnosti=186126